000 00819cam a2200229u 4500
999 _c128833
_d128833
001 10191349
003 ARRUPE
005 20190129091059.0
008 830630s1940 enkabef a 000 0 eng
010 _a 41007412
040 _aDLC
_cCarP
_dDLC
050 1 0 _aSPC. DS70.5.U7
_bW63 1938
050 0 0 _aMicrofilm 48640 DS
100 1 _aWooley, Charles Leonard,
_cSir,
_944203
245 0 0 _aUr of the Chaldees;
_ba record of seven years of excavation,
_cLeonard Woolley
260 _aHarmondsworth, Middlesex, Eng.,
_aNew York,
_bPenguin books limited
_c1938
300 _a164 p.
_c18 cm.
651 0 _aUr (Extinct city)
_944204
651 0 _aIraq
_xAntiquities.
_944077
906 _a0
_bcbc
_cpremunv
_du
_encip
_f19
_gy-gencatlg
942 _2lcc
_cSPC